Communes of Geneva (Canton) - Statistics

General Stats
  • This quiz has been taken 23 times
  • The average score is 26 of 45
Answer Stats
Hint Answer % Correct
G Genève
88%
PLO Plan-les-Ouates
88%
V Veyrier
88%
T Thônex
82%
V Vernier
82%
H Hermance
76%
M Meyrin
76%
V Versoix
76%
C Carouge
71%
CB Collonge-Bellerive
71%
T Troinex
71%
A Avusy
65%
C Chêne-Bourg
65%
J Jussy
65%
B Bellevue
59%
C Chêne-Bougeries
59%
C Cologny
59%
G Gy
59%
L Lancy
59%
O Onex
59%
PC Perly-Certoux
59%
R Russin
59%
S Satigny
59%
B Bernex
53%
G Genthod
53%
LGS Le Grand-Saconnex
53%
M Meinier
53%
V Vandœuvres
53%
ALV Aire-la-Ville
47%
A Anières
47%
A Avully
47%
C Confignon
47%
D Dardagny
47%
P Puplinge
47%
B Bardonnex
41%
C Cartigny
41%
C Chancy
41%
CB Collex-Bossy
41%
C Corsier
41%
PC Pregny-Chambésy
41%
S Soral
41%
C Céligny
35%
C Choulex
35%
P Presinge
35%
L Laconnex
24%
No matching quizzes found
Score Distribution
Percent of People with Each Score
Percentile by Number Answered
Your Score History
You have not taken this quiz